Mort subite - Les chansons de Billie Eilish - Statistiques

Statistiques générales
  • Ce quiz a été pris 3 376 fois
  • Le résultat moyen est 14 sur 18
Answers on the Grid
Answers color-coded by a green-red scale on the quiz's grid according to % correct below.
LUNCH
Guess
Barbie Sad
What Was I Made For ?
Skyfall
So I Am
Happier Than Ever
Therefore I Am
No Time To Die
Same With Same
everything I wanted
BIRDS OF A FEATHER
wish you loved me
bad guy
L'AMOUR DE MA VIE
letmebeyours
SUNSET
lovely
Ocean Eyes
Swan Lake
idontwannabeyouanymore
brat
WILDFLOWER
You Should See Me in a Crown
Bored
CHIHIRO
LOVE OF MY LIFE
wish you were gay
 
Statistiques - réponses
Réponse % Correct
What Was I Made For ?
88%
LUNCH
87%
bad guy
86%
BIRDS OF A FEATHER
86%
Happier Than Ever
86%
Ocean Eyes
81%
lovely
80%
everything I wanted
79%
idontwannabeyouanymore
79%
L'AMOUR DE MA VIE
79%
WILDFLOWER
79%
CHIHIRO
78%
No Time To Die
77%
Therefore I Am
74%
Bored
68%
Guess
67%
You Should See Me in a Crown
65%
wish you were gay
63%
Aucun quiz correspondant
Distribution des résultats
% des personnes avec chaque résultat
Percentile par nombre de réponses
Votre historique - résultats
Vous n’avez pas pris ce quiz